Normal view
MARC view
- V.B. Priyan
Entry Personal Name
001 - CONTROL NUMBER
- control field: 26826
003 - CONTROL NUMBER IDENTIFIER
- control field: NUST
005 - DATE AND TIME OF LATEST TRANSACTION
- control field: 20191212121653.0
008 - FIXED-LENGTH DATA ELEMENTS
- fixed length control field: 191212|| aca||aabn | a|a d
040 ## - CATALOGING SOURCE
- Original cataloging agency: NUST
- Transcribing agency: NUST
100 ## - HEADING--PERSONAL NAME
- Personal name: V.B. Priyan
670 ## - SOURCE DATA FOUND
- Source citation: Work cat.: (NUST): V.B. Priyan, The Fundamental Principal of Road Engineering, c1969
